Yungblud: the funeral - Statistics

General Stats
  • This quiz has been taken 250 times
  • The average score is 261 of 329
Answer Stats
Answerall % Correct
I
99%
be
97%
my
97%
My
97%
a
96%
To
95%
to
95%
you
92%
but
91%
But
91%
can
91%
can't
91%
dancing
91%
Dancing
91%
no
91%
funeral
90%
in
90%
an
88%
at
88%
your
88%
arrive
87%
for
87%
sleep
87%
tears
87%
Waiting
87%
and
86%
And
86%
beautiful
86%
eyes
86%
hoping
86%
the
86%
been
85%
that
85%
That
85%
with
85%
alright
84%
came
84%
I've
84%
look
84%
love
84%
Nobody
84%
nobody
84%
shame
84%
tell
84%
was
84%
what
84%
die
83%
hate
82%
bed
81%
dream
81%
it
81%
leave
81%
that's
81%
got
80%
day
79%
myself
79%
clothes
78%
about
77%
clean
77%
much
75%
surprise
75%
you'd
75%
blame
74%
it's
74%
smoke
74%
too
74%
one
73%
always
72%
emotional
72%
I'll
72%
I'm
72%
eat
71%
'til
71%
breathe
69%
there's
69%
out
66%
teeth
64%
fell
63%
want
63%
Want
63%
hair
62%
yourself
61%
cause
60%
cheap
60%
smile
60%
STD
59%
We
59%
we
59%
fake
57%
real
57%
up
57%
fucked
56%
just
56%
dyed
54%
Do
52%
soul
49%
speak
49%
Well
46%
well
46%
wanna
44%
all
38%
ourselves
37%
fucking
32%
before
31%
come
31%
put
31%
until
31%
bleed
29%
prove
28%
knees
27%
make
27%
words
27%
bite
26%
these
26%
tongue
26%
scrape
23%
orbituary
4%
telI
0%
No matching quizzes found
Score Distribution
Percent of People with Each Score
Percentile by Number Answered
Your Score History
You have not taken this quiz